| 000 | 00000nas 2200000za 4500 |
| 001 | 9.813584 |
| 003 | CaOODSP |
| 005 | 20251021093617 |
| 007 | cr ||||||||||| |
| 008 | 160322c20149999oncar p os f0 |0eng|d |
| 022 | |a2562-8747|y1925-3796 |
| 040 | |aCaOODSP|beng |
| 043 | |an-cn--- |
| 086 | 1 |aA71-42E-PDF |
| 245 | 00|aStatistical overview of the Canadian ornamental industry |h[electronic resource] / |cprepared by Market Analysis and Information Section, Horticulture and Cross Sectoral Division, Agriculture and Agri-Food Canada. |
| 260 | |aOttawa : |bAgriculture and Agri-Food Canada, |cc2014 - |
| 310 | |aAnnual |
| 362 | 1 |aBegan with 2013. |
| 500 | |aIssued also in French under title: Aperçu statistique de l'industrie ornementale du Canada. |
| 692 | 07|2gccst|aOrnamental plants |
| 692 | 07|2gccst|aAgricultural statistics |
| 710 | 1 |aCanada. |bAgriculture and Agri-Food Canada. |bMarket Analysis and Information Section. |
| 775 | 08|tAperçu statistique de l'industrie ornementale du Canada |w(CaOODSP)9.813585 |